Nommez les drapeaux de chat - Statistiques

Statistiques générales
  • Ce quiz a été pris 78 fois
  • Le résultat moyen est 11 sur 12
Statistiques - réponses
Par images Réponse % Correct
Japon
99%
Sri Lanka
97%
Chypre
94%
Ouganda
93%
Bangladesh
91%
Liechtenstein
91%
Saint-Marin
91%
Bhoutan
90%
Pays de Galles
86%
Antigua-et-Barbuda
76%
Dominique
73%
Kiribati
70%
Aucun quiz correspondant
Distribution des résultats
% des personnes avec chaque résultat
Percentile par nombre de réponses
Votre historique - résultats
Vous n’avez pas pris ce quiz